Central Library OPAC University of Rajshahi

The economic history of India, 1857-1947 / (Record no. 2104)

MARC details
000 -LEADER
fixed length control field 00993cam a22002894a 4500
001 - CONTROL NUMBER
control field 2104
003 - CONTROL NUMBER IDENTIFIER
rucl marc code BD-RjUL
005 - DATE AND TIME OF LATEST TRANSACTION
control field 20211208233501.0
008 - FIXED-LENGTH DATA ELEMENTS--GENERAL INFORMATION
fixed length control field 131210m20102006ii ab b 001 0 eng
020 ## - INTERNATIONAL STANDARD BOOK NUMBER
International Standard Book Number 9780195684308 (pbk.)
International Standard Book Number 0195684303 (pbk.)
035 ## - SYSTEM CONTROL NUMBER
System control number (BD-RjUL)2131
040 ## - CATALOGING SOURCE
Original cataloging agency DLC
Transcribing agency DLC
Modifying agency DLC
-- BD-RjUL
Language of cataloging eng
041 ## - LANGUAGE CODE
Language code of text/sound track or separate title eng
082 04 - DEWEY DECIMAL CLASSIFICATION NUMBER
Edition number 23
Classification number 330.954
Author mark and year ROE 2010
100 1# - MAIN ENTRY--PERSONAL NAME
Personal name Roy, Tirthankar.
9 (RLIN) 6888
245 14 - TITLE STATEMENT
Title The economic history of India, 1857-1947 /
Statement of responsibility, etc. Tirthankar Roy.
250 ## - EDITION STATEMENT
Edition statement 2nd ed.
260 ## - PUBLICATION, DISTRIBUTION, ETC. (IMPRINT)
Place of publication, distribution, etc. New Delhi :
Name of publisher, distributor, etc. Oxford University Press,
Date of publication, distribution, etc. c2006 [Impression 2009-2010].
300 ## - PHYSICAL DESCRIPTION
Pagination xv, 385 p. :
Illustrations ill. ;
Size 22 cm.
500 ## - GENERAL NOTE
General note Originally published: New Delhi : Oxford University Press, 2000.
504 ## - BIBLIOGRAPHY, ETC. NOTE
Bibliography, etc Includes bibliographical references and index.
651 #0 - SUBJECT ADDED ENTRY--GEOGRAPHIC NAME
Geographic name India
General subdivision Economic conditions
Chronological subdivision 19th century
Form subdivision Textbooks.
9 (RLIN) 6889
Geographic name India
General subdivision Economic conditions
Chronological subdivision 20th century
Form subdivision Textbooks.
9 (RLIN) 6890
942 ## - ADDED ENTRY ELEMENTS (KOHA)
Source of classification or shelving scheme Dewey Decimal Classification
Koha item type Books
Holdings
Lost status Source of classification or shelving scheme Damaged status Not for loan Collection code Permanent Location Current Location Shelving location Date acquired Source of acquisition Cost, normal purchase price Total Checkouts Full call number Date last seen Copy number Koha item type
  Dewey Decimal Classification     Non-fiction Central Library, University of Rajshahi Central Library, University of Rajshahi   11/05/2011 Paragon Ent. 250.00   330.954 ROE 2010 10/12/2013 C-3 Books
  Dewey Decimal Classification     Non-fiction Central Library, University of Rajshahi Central Library, University of Rajshahi   11/05/2011 Paragon Ent. 250.00   330.954 ROE 2010 10/12/2013 C-4 Books
  Dewey Decimal Classification     Non-fiction Central Library, University of Rajshahi Central Library, University of Rajshahi   11/05/2011 Paragon Ent. 250.00   330.954 ROE 2010 12/12/2013 C-5 Books
  Dewey Decimal Classification     Non-fiction Central Library, University of Rajshahi Central Library, University of Rajshahi   11/05/2011 Dhaka, Paragon Enterprises Ltd 250.00   330.954 ROE 2009 04/09/2016 C-6 Books
  Dewey Decimal Classification   Not For Loan Non-fiction Central Library, University of Rajshahi Central Library, University of Rajshahi Reading Room 11/05/2011 Dhaka,Paragon Enterprise Lit., 250.00   330.954 ROE 2010 17/12/2016 C-1 Books